| 000 | 00840nam a22002295i 4500 | ||
|---|---|---|---|
| 001 | 151930 | ||
| 003 | ES-MaACL | ||
| 005 | 20230906204444.0 | ||
| 008 | 990601s1858 sp d |||| | spa d | ||
| 040 |
_aCAT _bspa _cCAT _dCCPB |
||
| 041 | 0 | _bgrc | |
| 080 | _a811.14'36 | ||
| 100 | 0 |
_aBergnes de las Casas, Antonio, _d1801-1879 _928006 |
|
| 245 | 1 | 0 |
_aNueva gramática griega / _ccompuesta ... por A. Bergnes de las Casas. |
| 260 |
_aBarcelona : _b[s.n.], _c1858 ( _fJuan Oliveres,Impresor de S. M.) |
||
| 300 |
_a2 v. (180 p.; 452 p.) : _bil. ; _c21 cm. |
||
| 594 | _aTexto en castellano, ejemplos en griego. | ||
| 597 | _aLa secuencia 1-4 de ambos v. en cifras romanas. | ||
| 650 | 0 | 4 |
_aLengua griega- _xGramática. _914245 |
| 852 |
_aES-MaACL _jC-3369 _z-- Enc. hol. _q-- Sólo las 180 p. |
||
| 999 |
_c151930 _d151930 |
||